000 00695nam a2200229Ii 4500
003 JO-AjNU
008 230605s9999||||xx |||||||||||||| ||und||
017 _a2009/15088
020 _a978-977-272-564-3
040 _aJO-AjNU
_bara
_erda
_cJO-AjNU
041 _aara
050 1 4 _aPJ6106.R2 2009
100 3 _aالراجحي،عبدة,
_eauthor
_926985
245 0 0 _aالتطبيق النحوي
250 _aط1
264 3 1 _aالقاهرة: دار الصحابة للتراث بطنطا،2009
300 _a400ص
336 _atext
_btxt
_2rdacontent
337 _aunmediated
_bn
_2rdamedia
338 _avolume
_bnc
_2rdacarrier
650 4 _aاللغة العربية-النحو
_926986
999 _aA10294
_c13862
_d13862